1068 1543 1305 1711 1978 1449 1094 1643 1704 1701 1929 1319 1706 1393 1982 1806 1706 1540 1055 1651 1009 1234 1067 1351 1046 1677 1923 1818 1284 1677 1165 1316 1832 1883 1107 1921 1634 1220 1031 1472 1624 1052 1144 1175 1081 1694 1335 1118 1866 1054 1534 1088 1129 1869 1882 1239 1489 1051 1161 1061 1079 1490 1765 1582 1608 1602 1611 1309 1000 1901 1518 1386 1431 1641 1666 1837 1457 1160 1934 1851 1380 1684 1144 1731 1170 1025 1772 1696 1851 1797 1038 1261 1959 1717 1165 1435 1020 1535 1112 BCNSPRNW ULIB Ver.6.0+V

เปลี่ยนเป็นภาษาไทย

Change to English
 แสดงรายละเอียดบรรณานุกรม
  กลับหน้าหลัก

Brief Record : Get Marc (ISO 2709) : E-mail record : QR code < ปิดหน้าต่าง
LEADER : 00000nam 2200000uu 4500
001    13399125969
003     ULIB
008    171124s2557||||th 000 0 tha d
020    ^a9786169173700
060  0 ^aWU7 อ292ร
100 0  ^aอมรสิทธ์ เมืองคุ้ม
245 00 ^aรักปาก รักษ์ฟัน3"ปวดฟัน ป้องกันได้"/^bอมรสิทธ์ เมืองคุ้ม
250    ^aพิมพ์ครั้งที่ 4
260    ^aกรุงเทพฯ: ^bเอมี่ เอ็นเตอร์ไพรส์, ^c2557
300    ^a138 หน้า,^bภาพประกอบ
650  0 ^aฟัน--การดูแลและสุขวิทยา
650  0 ^aปาก--โรค
945    ^p0^l0^i25700
945    ^p0^l0^i25701
945    ^p0^l0^i25702
999    ^aกัณชพร จุลอักษร
รายการนี้ยังไม่มีแท็ก
คุณยังไม่ได้ล็อกอิน คุณสามารถมีกิจกรรมร่วมกับเว็บไซต์ได้ แต่ต้องล็อกอินก่อน ::
  ล็อกอิน

รายการสื่อสารสนเทศ

ลำดับที่ ประเภท เลขเรียก/บาร์โค้ด สถานที่ สถานะ
1. หนังสือสำรอง
หนังสือสำรอง
สถานะ=หนังสือเก่า
WU7 อ292ร ฉ.1 
  Barcode: 25700
ห้องสมุดวิทยาเขตนครสวรรค์
►ส่วนจัดเก็บหนังสือเก่า นว.
บนชั้น
  ขอยืม
2. วิทยาศาสตร์การแพทย์ และสุขภาพ
วิทยาศาสตร์การแพทย์ และสุขภาพ
สถานะ=หนังสือเก่า
WU7 อ292ร ฉ.2 
  Barcode: 25701
ห้องสมุดวิทยาเขตนครสวรรค์
►ส่วนจัดเก็บหนังสือเก่า นว.
บนชั้น
  ขอยืม
3. วิทยาศาสตร์การแพทย์ และสุขภาพ
วิทยาศาสตร์การแพทย์ และสุขภาพ
สถานะ=หนังสือเก่า
WU7 อ292ร ฉ.3 
  Barcode: 25702
ห้องสมุดวิทยาเขตนครสวรรค์
►ส่วนจัดเก็บหนังสือเก่า นว.
บนชั้น
  ขอยืม

รายการใกล้เคียง
    ผู้แต่ง [อมรสิทธ์ เมืองคุ้ม]

    หัวเรื่อง [ฟัน--การดูแลและสุขวิทยา]
    หัวเรื่อง [ปาก--โรค]

BibComment


ยังไม่เคยถูกคอมเมนท์

คอมเมนท์ทรัพยากรรายการนี้
  คอมเมนท์: รักปาก รักษ์ฟัน3..


 Copyright 2026. Bcnsprnw @Library